00412nam a2200157Ia 45000010006000000050017000060080041000230410008000640820015000721000029000872450085001162600009002013000028002106500008002386540008002461796920260306171556.0260306s9999||||xx |||||||||||||| ||und|| aESP a658.3bR24 aPin, José RamóneAUT 0aConsistencia:bla estrategia de la empresa es al estrategía sobre sus personas c2007 axvii, 192 páginas :c aGEN aCAN